000 01082nam0a22002771 4500
001 v19\rc\1283689
005 20260406190141.0
035 _a(NLR Aleph) 004433318
090 _a4298569
_c4298569
100 _a20060306d1842 |||y0rusy50 ca
101 0 _arus
102 _aRU
105 _ay c |||||
200 1 _aУказатель художественных произведений, выставленных в залах Академии художеств
210 _aСанкт-Петербург
_cГалерея Лемерсье
_d1842
215 _a20 с.
_d20
517 0 _aСписок дел, назначенных к слушанию в собрании Академии художеств...
710 0 2 _aИмператорская академия художеств
_cПетербург
_bВыставка
_f1833
_3RU\NLR\AUTH\889951982
_9399922
801 0 _aRU
_bNLR
_gpsbo
801 0 _aRU
_bRuMoRGB
_2psbo
801 1 _aRU
_bProSoft-M
_2rusmarc
852 _aNLR
_j18.127.3.292
852 _aNLR
_j18.91.4.95
899 _aГПИБ
942 _cBOOK
980 _aNB